000 01034nam a22003377a 4500
003 CHAP
005 20220329134015.0
008 971013s1951 mx a r 00010 spa d
010 _a13991
011 _a14963
035 _a19037
040 _cCHAP
082 0 4 _a574
_bB45 1951
100 0 0 _aBeltrán, Enrique.
_911476
245 1 _aBiología ; primer curso para escuelas secundarias
250 _a4 ed.
260 _aMéxico, D. F. :
_bPorrúa,
_c1951
300 _a346 p.
_b: ilus.
590 _aBATCH-UPD
_b10
_c20130110
_lUCH01
_h0139
590 _aBATCH-UPD
_b10
_c20130110
_lUCH01
_h1805
590 _aBATCH-UPD
_b10
_c20130409
_lUCH01
_h2136
590 _aBATCH-UPD
_b10
_c20130410
_lUCH01
_h1140
590 _aBATCH-UPD
_b10
_c20130914
_lUCH01
_h0559
590 _aCONVERSION
_b10
_c20130109
_lUCH01
_h1309
650 1 4 _aBiología.
_912773
700 0 _aAlcaraz, Jose.
_93579
700 0 _aRioja Lo Bianco, Enrique.
_997481
901 _aBK
942 _cLIBRO
949 _a574 B45 1951
_bBC
_cLIBRO
_d-44221
_eLIBRO
_h7952
_i19037
_si
999 _c13991
_d13991